=LDR 00000nam 2200000 4500 =001 INLIS000000000002647 =005 20200714110406 =035 ##$$a 0010-061300000002647 =008 200714################g##########0#ind## =041 ##$$a Ind =082 ##$$a 2X6.3 =090 ##$$a 2X6.3, Muh p =100 #$$a Muhamad =245 1#$$a Prinsip-prinsip akuntansi dalam Al-Qur'an, /$c Muhamad ; Penyunting,Sobirin Malian =260 ##$$a Yogyakarta :$b YII Press,$c 2000 =300 ##$$a xviii, 93 hlm, ; $c 11 x 18 cm =650 #4$$a Islam dan Ekonomi =700 #$$a Sobirin Malian =850 ##$$a NBPNMAT =020 ##$$a 979-8413-53-9 =084 ##$$a 2X6.3 MUH p =250 ##$$a Cet. 1 =504 ##$$a Bibliografi : hlm, 91-92 =990 ##$$a DW00010597 =990 ##$$a DW00011214 =990 ##$$a DW00011215 =990 ##$$a 154.329/pro-2000 =990 ##$$a 00050991 =990 ##$$a DW00010597 =990 ##$$a DW00011214 =990 ##$$a DW00011215 =990 ##$$a 154.329/pro-2000 =990 ##$$a 00050991 =990 ##$$a DW00010597 =990 ##$$a DW00011214 =990 ##$$a DW00011215 =990 ##$$a 154.329/pro-2000